Spanish Infinitives - G - Statistics

General Stats
  • This quiz has been taken 3 times
  • The average score is 9 of 15
Answer Stats
Hint Answer % Correct
Gobernar to govern
100%
Graduar to graduate
100%
Gustar to like
100%
Gritar to shout
100%
Girar to turn
100%
Generar to generate
67%
Guiar to guide
67%
Golpear to hit
67%
Guadar to keep
67%
Gastar to spend
67%
Ganar to win/gain
67%
Gozar to enjoy
33%
Germinar to germ
0%
Gestionar to manage
0%
Gravar to tax
0%
No matching quizzes found
Score Distribution
Percent of People with Each Score
Percentile by Number Answered
Your Score History
You have not taken this quiz